[Event "Russian Rapid Team Championship (m)"]
[Site "Sochi"]
[Date "2022.10.18"]
[Round "1.16"]
[White "Moiseenko, Vadim"]
[Black "Ponomarev, Vsevolod"]
[Result "0-1"]
[BlackElo "2114"]
[WhiteElo "2429"]
[LiveChessVersion "1.4.8"]

1. Nf3 {[%clk 0:14:57]} d5 {[%clk 0:15:19]} 2. d4 {[%clk 0:15:05]} Nf6
{[%clk 0:15:28]} 3. c4 {[%clk 0:15:13]} e6 {[%clk 0:15:37]} 4. Nc3
{[%clk 0:15:21]} Be7 {[%clk 0:15:46]} 5. Bf4 {[%clk 0:15:26]} O-O
{[%clk 0:15:54]} 6. e3 {[%clk 0:15:35]} Nbd7 {[%clk 0:16:01]} 7. cxd5
{[%clk 0:15:40]} Nxd5 {[%clk 0:15:43]} 8. Nxd5 {[%clk 0:15:44]} exd5
{[%clk 0:15:51]} 9. Bd3 {[%clk 0:15:34]} c5 {[%clk 0:15:48]} 10. O-O
{[%clk 0:14:50]} c4 {[%clk 0:15:39]} 11. Bc2 {[%clk 0:14:58]} b5 {[%clk 0:15:29]}
12. e4 {[%clk 0:13:26]} Nf6 {[%clk 0:15:37]} 13. e5 {[%clk 0:13:18]} Ne4
{[%clk 0:15:46]} 14. Re1 {[%clk 0:13:14]} Qb6 {[%clk 0:13:17]} 15. Nd2
{[%clk 0:07:03]} Bb4 {[%clk 0:07:47]} 16. Rxe4 {[%clk 0:04:09]} dxe4
{[%clk 0:07:53]} 17. Nxe4 {[%clk 0:04:15]} Rd8 {[%clk 0:05:27]} 18. d5
{[%clk 0:02:50]} Bb7 {[%clk 0:05:16]} 19. d6 {[%clk 0:02:49]} Bxe4
{[%clk 0:04:58]} 20. Bxe4 {[%clk 0:02:58]} Rac8 {[%clk 0:05:01]} 21. Qh5
{[%clk 0:02:33]} g6 {[%clk 0:05:02]} 22. Qh4 {[%clk 0:02:07]} Qd4
{[%clk 0:04:45]} 23. Bg5 {[%clk 0:02:05]} Re8 {[%clk 0:03:44]} 24. Bf6
{[%clk 0:02:12]} h5 {[%clk 0:03:12]} 25. Qg5 {[%clk 0:01:22]} Bd2
{[%clk 0:03:17]} 26. Qh4 {[%clk 0:00:59]} Bb4 {[%clk 0:03:15]} 27. a3
{[%clk 0:00:40]} Bc5 {[%clk 0:03:24]} 28. Qf4 {[%clk 0:00:38]} Re6
{[%clk 0:03:23]} 29. Re1 {[%clk 0:00:26]} Bxd6 {[%clk 0:03:20]} 30. Qh6
{[%clk 0:00:22]} Rxf6 {[%clk 0:03:21]} 31. exf6 {[%clk 0:00:30]} Qxf6
{[%clk 0:03:28]} 32. Qd2 {[%clk 0:00:12]} Be5 {[%clk 0:03:33]} 33. Qd7
{[%clk 0:00:13]} Rc5 {[%clk 0:03:01]} 34. Qxa7 {[%clk 0:00:13]} Bd4
{[%clk 0:03:10]} 35. Bf3 {[%clk 0:00:16]} Kg7 {[%clk 0:02:49]} 36. Qa8
{[%clk 0:00:12]} Bxb2 {[%clk 0:02:33]} 37. Be4 {[%clk 0:00:12]} Bd4
{[%clk 0:02:24]} 38. Re2 {[%clk 0:00:21]} c3 {[%clk 0:02:16]} 39. g3
{[%clk 0:00:26]} h4 {[%clk 0:02:14]} 40. Kg2 {[%clk 0:00:33]} Qe6
{[%clk 0:01:48]} 41. h3 {[%clk 0:00:24]} hxg3 {[%clk 0:01:49]} 42. fxg3
{[%clk 0:00:31]} Re5 {[%clk 0:01:41]} 43. Kf3 {[%clk 0:00:16]} f5
{[%clk 0:01:13]} 44. Qb7+ {[%clk 0:00:12]} Kh6 {[%clk 0:01:16]} 45. g4
{[%clk 0:00:13]} Rxe4 {[%clk 0:01:06]} 46. g5+ {[%clk 0:00:22]} Kxg5
{[%clk 0:01:13]} 47. Rg2+ {[%clk 0:00:17]} Kh6 {[%clk 0:01:20]} 0-1

[Event "Russian Rapid Team Championship (m)"]
[Site "Sochi"]
[Date "2022.10.18"]
[Round "2.1"]
[White "Lazavik, Denis"]
[Black "Malakhov, Vladimir"]
[Result "1/2-1/2"]
[BlackElo "2670"]
[WhiteElo "2435"]
[LiveChessVersion "1.4.8"]

1. d4 {[%clk 0:15:15]} d5 {[%clk 0:15:18]} 2. c4 {[%clk 0:15:21]} e6
{[%clk 0:15:25]} 3. Nf3 {[%clk 0:15:22]} Nf6 {[%clk 0:15:32]} 4. g3
{[%clk 0:15:14]} Be7 {[%clk 0:15:38]} 5. Bg2 {[%clk 0:15:18]} O-O
{[%clk 0:15:45]} 6. O-O {[%clk 0:15:20]} c6 {[%clk 0:15:53]} 7. b3
{[%clk 0:15:08]} Nbd7 {[%clk 0:15:35]} 8. Qc2 {[%clk 0:14:53]} b6
{[%clk 0:15:29]} 9. Rd1 {[%clk 0:14:48]} Bb7 {[%clk 0:14:04]} 10. Nc3
{[%clk 0:14:43]} Rc8 {[%clk 0:11:32]} 11. e4 {[%clk 0:14:33]} dxe4
{[%clk 0:11:36]} 12. Ng5 {[%clk 0:13:26]} h6 {[%clk 0:08:53]} 13. Ngxe4
{[%clk 0:13:26]} Nxe4 {[%clk 0:09:02]} 14. Nxe4 {[%clk 0:12:10]} Nf6
{[%clk 0:09:10]} 15. Bf4 {[%clk 0:11:30]} Nxe4 {[%clk 0:08:45]} 16. Qxe4
{[%clk 0:10:52]} Bf6 {[%clk 0:08:38]} 17. Be5 {[%clk 0:09:11]} Qe7
{[%clk 0:08:46]} 18. c5 {[%clk 0:08:10]} Bxe5 {[%clk 0:08:14]} 19. Qxe5
{[%clk 0:08:17]} Rfd8 {[%clk 0:08:22]} 20. b4 {[%clk 0:07:35]} Rd7
{[%clk 0:08:29]} 21. a4 {[%clk 0:07:05]} Qf6 {[%clk 0:07:02]} 22. Rac1
{[%clk 0:05:16]} Qd8 {[%clk 0:05:22]} 23. Bf3 {[%clk 0:04:44]} Qf6
{[%clk 0:05:10]} 24. Kg2 {[%clk 0:04:15]} Qd8 {[%clk 0:05:01]} 25. h4
{[%clk 0:04:00]} a6 {[%clk 0:04:09]} 26. Rc2 {[%clk 0:03:16]} b5 {[%clk 0:04:13]}
27. Ra2 {[%clk 0:03:01]} Qf6 {[%clk 0:04:05]} 28. Qxf6 {[%clk 0:02:20]} gxf6
{[%clk 0:04:14]} 29. axb5 {[%clk 0:02:21]} axb5 {[%clk 0:04:23]} 30. Ra7
{[%clk 0:02:22]} Kf8 {[%clk 0:04:22]} 31. Kf1 {[%clk 0:02:13]} Rcd8
{[%clk 0:03:54]} 32. Ke2 {[%clk 0:01:53]} f5 {[%clk 0:02:43]} 33. Ke3
{[%clk 0:01:37]} Ke7 {[%clk 0:02:51]} 34. Rda1 {[%clk 0:01:13]} Kf6
{[%clk 0:02:59]} 35. R1a3 {[%clk 0:01:05]} Re7 {[%clk 0:02:53]} 36. Rd3
{[%clk 0:00:48]} Red7 {[%clk 0:03:01]} 37. Bg2 {[%clk 0:00:46]} Kg6
{[%clk 0:03:07]} 38. Rda3 {[%clk 0:00:45]} f6 {[%clk 0:03:14]} 39. f4
{[%clk 0:00:42]} h5 {[%clk 0:03:09]} 40. Bf3 {[%clk 0:00:48]} Kh6
{[%clk 0:03:13]} 41. Kf2 {[%clk 0:00:43]} Rb8 {[%clk 0:02:55]} 42. Ke3
{[%clk 0:00:28]} Kg6 {[%clk 0:03:00]} 43. Rd3 {[%clk 0:00:29]} Rbd8
{[%clk 0:02:09]} 44. Be2 {[%clk 0:00:34]} Re7 {[%clk 0:02:12]} 45. Kd2
{[%clk 0:00:31]} Red7 {[%clk 0:02:12]} 46. Kc3 {[%clk 0:00:32]} Bc8
{[%clk 0:02:07]} 47. Ra8 {[%clk 0:00:34]} Bb7 {[%clk 0:02:16]} 48. Ra3
{[%clk 0:00:28]} Bc8 {[%clk 0:02:09]} 49. Ra8 {[%clk 0:00:23]} Bb7
{[%clk 0:02:18]} 50. Rxd8 {[%clk 0:00:31]} Rxd8 {[%clk 0:02:27]} 51. Bd1
{[%clk 0:00:17]} Ra8 {[%clk 0:02:31]} 52. Kb2 {[%clk 0:00:25]} Bc8
{[%clk 0:02:39]} 53. Bb3 {[%clk 0:00:22]} Bd7 {[%clk 0:02:46]} 54. Re3
{[%clk 0:00:30]} Kf7 {[%clk 0:02:55]} 55. Rd3 {[%clk 0:00:28]} Kg6
{[%clk 0:03:01]} 56. Bd1 {[%clk 0:00:31]} Ra7 {[%clk 0:03:06]} 57. Ra3
{[%clk 0:00:19]} Rxa3 58. Kxa3 {[%clk 0:00:28]} Kh6 {[%clk 0:03:20]} 59. Kb2
{[%clk 0:00:35]} Kg6 {[%clk 0:03:07]} 60. Kc3 {[%clk 0:00:37]} Kh6
{[%clk 0:03:16]} 1/2-1/2

[Event "Russian Rapid Team Championship (m)"]
[Site "Sochi"]
[Date "2022.10.18"]
[Round "2.2"]
[White "Zvjaginsev, Vadim"]
[Black "Nikitenko, Mihail"]
[Result "1/2-1/2"]
[BlackElo "2400"]
[WhiteElo "2498"]
[LiveChessVersion "1.4.8"]

1. c4 {[%clk 0:15:18]} c6 {[%clk 0:15:19]} 2. e4 {[%clk 0:15:26]} d5
{[%clk 0:15:27]} 3. exd5 {[%clk 0:15:34]} cxd5 {[%clk 0:15:36]} 4. cxd5
{[%clk 0:15:42]} Nf6 {[%clk 0:15:43]} 5. Nc3 {[%clk 0:15:50]} g6 {[%clk 0:15:38]}
6. Bc4 {[%clk 0:14:53]} Bg7 {[%clk 0:15:29]} 7. d3 {[%clk 0:14:40]} O-O
{[%clk 0:15:36]} 8. Nf3 {[%clk 0:14:30]} b5 {[%clk 0:09:39]} 9. Bxb5
{[%clk 0:14:13]} Nxd5 {[%clk 0:09:43]} 10. Bd2 {[%clk 0:13:03]} Nb6
{[%clk 0:08:55]} 11. d4 {[%clk 0:12:49]} a6 {[%clk 0:08:55]} 12. Be2
{[%clk 0:12:48]} Nc6 {[%clk 0:08:35]} 13. Be3 {[%clk 0:12:44]} Bf5
{[%clk 0:08:16]} 14. O-O {[%clk 0:11:49]} Qd6 {[%clk 0:07:28]} 15. Ne5
{[%clk 0:10:39]} Rad8 {[%clk 0:06:38]} 16. Nxc6 {[%clk 0:10:06]} Qxc6
{[%clk 0:06:46]} 17. Rc1 {[%clk 0:09:27]} Qb7 {[%clk 0:04:10]} 18. Bf3
{[%clk 0:07:59]} Qb8 {[%clk 0:04:19]} 19. Qe2 {[%clk 0:07:18]} Bxd4
{[%clk 0:04:04]} 20. Bxd4 {[%clk 0:07:19]} Rxd4 {[%clk 0:04:13]} 21. Qxe7
{[%clk 0:07:26]} Nc4 {[%clk 0:04:10]} 22. Rfe1 {[%clk 0:06:41]} Nxb2
{[%clk 0:03:46]} 23. Nd5 {[%clk 0:05:59]} Nd3 {[%clk 0:03:12]} 24. Qf6
{[%clk 0:05:02]} Rxd5 {[%clk 0:03:02]} 25. Bxd5 {[%clk 0:05:11]} Qa7
{[%clk 0:01:37]} 26. Re7 {[%clk 0:05:03]} Qxf2+ {[%clk 0:01:46]} 27. Kh1
{[%clk 0:05:12]} Be6 {[%clk 0:01:55]} 28. Qxf2 {[%clk 0:01:51]} Nxf2+
{[%clk 0:02:04]} 29. Kg1 {[%clk 0:02:00]} Bxd5 {[%clk 0:02:13]} 30. Kxf2
{[%clk 0:02:08]} 1/2-1/2

[Event "Russian Rapid Team Championship (m)"]
[Site "Sochi"]
[Date "2022.10.18"]
[Round "2.3"]
[White "Fedorov, Alexei"]
[Black "Grachev, Boris"]
[Result "1/2-1/2"]
[BlackElo "2612"]
[WhiteElo "2522"]
[LiveChessVersion "1.4.8"]

1. e4 {[%clk 0:15:17]} c5 {[%clk 0:15:19]} 2. d3 {[%clk 0:15:16]} g6
{[%clk 0:14:47]} 3. g3 {[%clk 0:15:19]} Bg7 {[%clk 0:14:49]} 4. Bg2
{[%clk 0:15:24]} Nc6 {[%clk 0:14:33]} 5. f4 {[%clk 0:15:25]} d6 {[%clk 0:13:46]}
6. Nf3 {[%clk 0:15:25]} Nf6 {[%clk 0:13:43]} 7. O-O {[%clk 0:15:15]} O-O
{[%clk 0:13:49]} 8. Nc3 {[%clk 0:15:05]} Rb8 {[%clk 0:13:40]} 9. h3
{[%clk 0:14:41]} b5 {[%clk 0:13:43]} 10. g4 {[%clk 0:14:28]} b4 {[%clk 0:13:18]}
11. Ne2 {[%clk 0:14:27]} c4 {[%clk 0:11:41]} 12. Be3 {[%clk 0:13:02]} Ba6
{[%clk 0:10:42]} 13. Rf2 {[%clk 0:10:26]} cxd3 {[%clk 0:05:09]} 14. cxd3
{[%clk 0:10:32]} Ne8 {[%clk 0:04:17]} 15. Ng3 {[%clk 0:06:53]} Nc7
{[%clk 0:02:42]} 16. d4 {[%clk 0:06:36]} Na5 {[%clk 0:02:41]} 17. b3
{[%clk 0:06:17]} Nb5 {[%clk 0:02:49]} 18. Qd2 {[%clk 0:05:50]} Nc3
{[%clk 0:02:53]} 19. f5 {[%clk 0:05:53]} Bb7 {[%clk 0:01:59]} 20. Nh2
{[%clk 0:05:05]} Nc6 {[%clk 0:01:56]} 21. g5 {[%clk 0:04:28]} Re8
{[%clk 0:01:23]} 22. Ng4 {[%clk 0:04:24]} e5 {[%clk 0:01:15]} 23. d5
{[%clk 0:03:59]} Nd4 {[%clk 0:01:24]} 24. f6 {[%clk 0:04:01]} Bf8
{[%clk 0:01:31]} 25. Bxd4 {[%clk 0:03:59]} exd4 {[%clk 0:01:40]} 26. Qxd4
{[%clk 0:04:07]} Bc8 {[%clk 0:01:38]} 27. Nh2 {[%clk 0:03:49]} a5
{[%clk 0:01:11]} 28. h4 {[%clk 0:03:29]} Re5 {[%clk 0:01:15]} 29. Nf3
{[%clk 0:03:15]} Qc7 {[%clk 0:01:24]} 30. Kh2 {[%clk 0:02:57]} Bg4
{[%clk 0:01:31]} 31. Nxe5 {[%clk 0:02:25]} dxe5 {[%clk 0:01:40]} 32. Qd2
{[%clk 0:02:33]} Bc5 {[%clk 0:01:44]} 33. Rff1 {[%clk 0:02:40]} Qb6
{[%clk 0:01:24]} 34. Rae1 {[%clk 0:02:39]} a4 {[%clk 0:01:23]} 35. Bh3
{[%clk 0:02:40]} Bxh3 {[%clk 0:01:14]} 36. Kxh3 {[%clk 0:02:49]} Ra8
{[%clk 0:01:23]} 37. h5 {[%clk 0:01:23]} Qb5 {[%clk 0:01:30]} 38. hxg6
{[%clk 0:01:22]} hxg6 {[%clk 0:01:39]} 39. Rh1 {[%clk 0:01:10]} axb3
{[%clk 0:01:40]} 40. axb3 {[%clk 0:00:39]} Ra2 {[%clk 0:01:48]} 41. Qxa2
{[%clk 0:00:36]} Nxa2 {[%clk 0:01:55]} 42. Rh2 {[%clk 0:00:33]} Nc3
{[%clk 0:01:29]} 43. Kg2 {[%clk 0:00:19]} Qd3 {[%clk 0:01:19]} 44. Reh1
{[%clk 0:00:23]} Qd2+ {[%clk 0:01:00]} 45. Kf1 {[%clk 0:00:26]} Qd1+
{[%clk 0:00:44]} 46. Kg2 {[%clk 0:00:35]} Qd2+ {[%clk 0:00:39]} 47. Kf1
{[%clk 0:00:44]} Qd1+ {[%clk 0:00:35]} 1/2-1/2

[Event "Russian Rapid Team Championship (m)"]
[Site "Sochi"]
[Date "2022.10.18"]
[Round "2.4"]
[White "Popov, Ivan"]
[Black "Zarubitski, Viachaslau"]
[Result "1/2-1/2"]
[BlackElo "2359"]
[WhiteElo "2616"]
[LiveChessVersion "1.4.8"]

1. e4 {[%clk 0:15:19]} e5 {[%clk 0:15:18]} 2. Nf3 {[%clk 0:15:26]} Nf6
{[%clk 0:15:26]} 3. Nc3 {[%clk 0:15:32]} Nc6 {[%clk 0:15:34]} 4. Bb5
{[%clk 0:15:40]} Nd4 {[%clk 0:15:31]} 5. O-O {[%clk 0:15:47]} c6 {[%clk 0:14:22]}
6. Bd3 {[%clk 0:15:53]} Nxf3+ {[%clk 0:13:14]} 7. Qxf3 {[%clk 0:16:02]} d6
{[%clk 0:12:24]} 8. Bc4 {[%clk 0:16:01]} Be7 {[%clk 0:12:15]} 9. d3
{[%clk 0:16:00]} O-O {[%clk 0:11:44]} 10. h3 {[%clk 0:15:41]} Be6
{[%clk 0:10:47]} 11. Bxe6 {[%clk 0:12:45]} fxe6 {[%clk 0:10:55]} 12. Qe2
{[%clk 0:12:20]} Qe8 {[%clk 0:10:46]} 13. a4 {[%clk 0:11:54]} Nh5
{[%clk 0:08:37]} 14. g3 {[%clk 0:11:28]} Qg6 {[%clk 0:07:55]} 15. Qg4
{[%clk 0:10:59]} Qf7 {[%clk 0:07:55]} 16. a5 {[%clk 0:10:22]} d5 {[%clk 0:07:34]}
17. Kg2 {[%clk 0:05:21]} Bc5 {[%clk 0:04:50]} 18. Qe2 {[%clk 0:05:29]} Rae8
{[%clk 0:04:39]} 19. Na4 {[%clk 0:05:15]} Bd6 {[%clk 0:04:29]} 20. Bd2
{[%clk 0:04:42]} Rb8 {[%clk 0:03:48]} 21. b4 {[%clk 0:03:14]} b5 {[%clk 0:03:17]}
22. axb6 {[%clk 0:03:02]} axb6 {[%clk 0:03:25]} 23. c3 {[%clk 0:02:37]} Nf6
{[%clk 0:02:37]} 24. Be3 {[%clk 0:02:08]} Qc7 {[%clk 0:02:31]} 25. Ra2
{[%clk 0:01:51]} c5 {[%clk 0:02:23]} 26. bxc5 {[%clk 0:01:37]} bxc5
{[%clk 0:02:32]} 27. Bg5 {[%clk 0:01:35]} Qc6 {[%clk 0:02:20]} 28. Bxf6
{[%clk 0:01:37]} Rxf6 {[%clk 0:02:28]} 29. c4 {[%clk 0:01:30]} d4
{[%clk 0:01:56]} 30. Rfa1 {[%clk 0:01:37]} Rf7 {[%clk 0:01:15]} 31. Nb2
{[%clk 0:01:40]} Rfb7 {[%clk 0:01:22]} 32. Nd1 {[%clk 0:01:46]} Bc7
{[%clk 0:01:20]} 33. Qc2 {[%clk 0:01:48]} Bd8 {[%clk 0:00:39]} 34. h4
{[%clk 0:01:52]} h6 {[%clk 0:00:37]} 35. Kf1 {[%clk 0:01:56]} Rb4
{[%clk 0:00:40]} 36. Ra6 {[%clk 0:01:57]} Qd7 {[%clk 0:00:31]} 37. Ra7
{[%clk 0:01:48]} R4b7 {[%clk 0:00:32]} 38. Rxb7 {[%clk 0:01:47]} Qxb7
{[%clk 0:00:38]} 39. Qa4 {[%clk 0:01:51]} Be7 {[%clk 0:00:23]} 40. Qa6
{[%clk 0:01:38]} Kf7 {[%clk 0:00:31]} 41. Qxb7 {[%clk 0:01:45]} Rxb7
{[%clk 0:00:40]} 42. Ke2 {[%clk 0:01:51]} h5 {[%clk 0:00:46]} 43. Ra8
{[%clk 0:01:52]} g6 {[%clk 0:00:30]} 44. Kd2 {[%clk 0:01:59]} Kg7
{[%clk 0:00:26]} 45. Kc2 {[%clk 0:02:03]} g5 {[%clk 0:00:34]} 46. hxg5
{[%clk 0:02:08]} Bxg5 {[%clk 0:00:43]} 47. Rc8 {[%clk 0:01:45]} Be7
{[%clk 0:00:50]} 48. Rc6 {[%clk 0:00:51]} Kf7 {[%clk 0:00:54]} 49. Ra6
{[%clk 0:00:59]} h4 {[%clk 0:00:57]} 50. gxh4 {[%clk 0:01:07]} Bxh4
{[%clk 0:01:06]} 51. Ra5 {[%clk 0:00:54]} Rc7 {[%clk 0:00:54]} 52. Nb2
{[%clk 0:00:35]} Ke7 {[%clk 0:00:58]} 53. Na4 {[%clk 0:00:40]} Kd6
{[%clk 0:01:07]} 54. Ra6+ {[%clk 0:00:48]} Kd7 {[%clk 0:01:09]} 55. f3
{[%clk 0:00:43]} Be7 {[%clk 0:00:51]} 56. Nb6+ {[%clk 0:00:41]} Ke8
{[%clk 0:00:51]} 57. Ra8+ {[%clk 0:00:36]} Kf7 {[%clk 0:00:47]} 58. Na4
{[%clk 0:00:20]} Bd6 {[%clk 0:00:43]} 59. Ra6 {[%clk 0:00:24]} Ke7
{[%clk 0:00:50]} 60. Kb3 {[%clk 0:00:32]} Rb7+ {[%clk 0:00:49]} 61. Rb6
{[%clk 0:00:39]} Ra7 {[%clk 0:00:54]} 62. Rb5 {[%clk 0:00:40]} Rc7
{[%clk 0:01:01]} 63. Nb6 {[%clk 0:00:34]} Kf6 {[%clk 0:01:11]} 64. Na4
{[%clk 0:00:34]} Ke7 {[%clk 0:00:46]} 65. Ra5 {[%clk 0:00:28]} Rb7+
{[%clk 0:00:33]} 66. Kc2 {[%clk 0:00:37]} Rc7 {[%clk 0:00:41]} 67. Nb6
{[%clk 0:00:34]} Kf6 {[%clk 0:00:37]} 68. Ra6 {[%clk 0:00:28]} Ke7
{[%clk 0:00:16]} 69. Ra7 {[%clk 0:00:32]} Rxa7 {[%clk 0:00:20]} 70. Nc8+
{[%clk 0:00:41]} Kf6 {[%clk 0:00:21]} 71. Nxa7 {[%clk 0:00:50]} Kg5
{[%clk 0:00:27]} 72. Kd2 {[%clk 0:00:49]} Kf4 {[%clk 0:00:32]} 73. Ke2
{[%clk 0:00:55]} Kg3 {[%clk 0:00:17]} 74. Nb5 {[%clk 0:00:48]} Bb8
{[%clk 0:00:25]} 75. Na3 {[%clk 0:00:49]} Bc7 {[%clk 0:00:33]} 76. Nc2
{[%clk 0:00:41]} Ba5 {[%clk 0:00:32]} 77. Na3 {[%clk 0:00:32]} Bc7
{[%clk 0:00:35]} 78. Nc2 {[%clk 0:00:26]} Ba5 {[%clk 0:00:43]} 79. Na1
{[%clk 0:00:34]} Kg2 {[%clk 0:00:42]} 80. Nc2 {[%clk 0:00:27]} Kg3
{[%clk 0:00:47]} 81. Na3 {[%clk 0:00:31]} Bc7 {[%clk 0:00:53]} 82. Nb5
{[%clk 0:00:36]} Bb8 {[%clk 0:01:01]} 83. Na3 {[%clk 0:00:21]} 1/2-1/2

[Event "Russian Rapid Team Championship (m)"]
[Site "Sochi"]
[Date "2022.10.18"]
[Round "2.5"]
[White "Artemiev, Vladislav"]
[Black "Alekseev, Evgeny"]
[Result "1/2-1/2"]
[BlackElo "2533"]
[WhiteElo "2710"]
[LiveChessVersion "1.4.8"]

1. d4 {[%clk 0:15:17]} Nf6 {[%clk 0:15:18]} 2. c4 {[%clk 0:15:25]} e6
{[%clk 0:15:26]} 3. Nf3 {[%clk 0:15:30]} d5 {[%clk 0:15:33]} 4. Nc3
{[%clk 0:15:38]} Bb4 {[%clk 0:15:14]} 5. Qa4+ {[%clk 0:15:27]} Nc6
{[%clk 0:15:20]} 6. e3 {[%clk 0:15:34]} O-O {[%clk 0:15:21]} 7. Qc2
{[%clk 0:15:34]} b6 {[%clk 0:15:14]} 8. Bd2 {[%clk 0:15:21]} Bb7 {[%clk 0:15:07]}
9. cxd5 {[%clk 0:14:23]} exd5 {[%clk 0:15:13]} 10. Bd3 {[%clk 0:14:05]} Bd6
{[%clk 0:13:54]} 11. a3 {[%clk 0:14:11]} a6 {[%clk 0:13:57]} 12. O-O
{[%clk 0:12:38]} Ne7 {[%clk 0:14:04]} 13. Ne2 {[%clk 0:11:00]} Ne4
{[%clk 0:10:14]} 14. Ng3 {[%clk 0:09:24]} Nxd2 {[%clk 0:09:55]} 15. Qxd2
{[%clk 0:09:21]} g6 {[%clk 0:08:49]} 16. Rfe1 {[%clk 0:08:26]} Kg7
{[%clk 0:08:45]} 17. Rac1 {[%clk 0:07:33]} Re8 {[%clk 0:08:33]} 18. e4
{[%clk 0:05:37]} dxe4 {[%clk 0:08:22]} 19. Nxe4 {[%clk 0:05:04]} Nd5
{[%clk 0:08:17]} 20. g3 {[%clk 0:04:30]} Qd7 {[%clk 0:06:47]} 21. Nxd6
{[%clk 0:01:14]} Qxd6 {[%clk 0:06:09]} 22. Ne5 {[%clk 0:01:23]} Nf6
{[%clk 0:03:21]} 23. Bf1 {[%clk 0:00:56]} Rad8 {[%clk 0:02:38]} 24. Qc3
{[%clk 0:00:59]} Re7 {[%clk 0:02:14]} 25. Rcd1 {[%clk 0:00:20]} Qd5 1/2-1/2

[Event "Russian Rapid Team Championship (m)"]
[Site "Sochi"]
[Date "2022.10.18"]
[Round "2.6"]
[White "Shubin, Kirill"]
[Black "Sjugirov, Sanan"]
[Result "1-0"]
[BlackElo "2609"]
[WhiteElo "2426"]
[LiveChessVersion "1.4.8"]

1. e4 {[%clk 0:15:17]} c6 {[%clk 0:15:11]} 2. d4 {[%clk 0:15:25]} d5
{[%clk 0:15:20]} 3. exd5 {[%clk 0:15:34]} cxd5 {[%clk 0:15:28]} 4. Bd3
{[%clk 0:15:43]} Nc6 {[%clk 0:14:34]} 5. c3 {[%clk 0:15:51]} Qc7 {[%clk 0:14:32]}
6. Na3 {[%clk 0:15:58]} a6 {[%clk 0:14:28]} 7. Nc2 {[%clk 0:16:06]} Nf6
{[%clk 0:14:11]} 8. h3 {[%clk 0:16:14]} g6 {[%clk 0:14:12]} 9. Ne2
{[%clk 0:16:22]} Bf5 {[%clk 0:14:14]} 10. Bxf5 {[%clk 0:16:30]} gxf5
{[%clk 0:14:23]} 11. Bf4 {[%clk 0:16:38]} Qd7 {[%clk 0:14:16]} 12. Qd3
{[%clk 0:16:35]} e6 {[%clk 0:14:20]} 13. Ne3 {[%clk 0:16:13]} h5 {[%clk 0:13:32]}
14. O-O {[%clk 0:15:13]} Bd6 {[%clk 0:13:10]} 15. Rfe1 {[%clk 0:14:58]} Bxf4
{[%clk 0:11:36]} 16. Nxf4 {[%clk 0:15:06]} O-O-O {[%clk 0:11:39]} 17. b4
{[%clk 0:14:52]} Qd6 {[%clk 0:10:07]} 18. Ne2 {[%clk 0:14:47]} Rhg8
{[%clk 0:09:56]} 19. a4 {[%clk 0:13:10]} f4 {[%clk 0:06:14]} 20. Nc2
{[%clk 0:13:09]} Ne4 {[%clk 0:06:14]} 21. f3 {[%clk 0:12:14]} Ng3
{[%clk 0:05:41]} 22. Qd2 {[%clk 0:10:28]} Nxe2+ {[%clk 0:05:37]} 23. Rxe2
{[%clk 0:10:36]} Rg3 {[%clk 0:05:43]} 24. Ne1 {[%clk 0:10:22]} Rdg8
{[%clk 0:05:51]} 25. Kh1 {[%clk 0:09:42]} Ne7 {[%clk 0:05:56]} 26. Nd3
{[%clk 0:09:48]} Ng6 {[%clk 0:06:04]} 27. a5 {[%clk 0:08:47]} Kb8
{[%clk 0:04:03]} 28. Rb1 {[%clk 0:08:28]} Ka8 {[%clk 0:01:25]} 29. b5
{[%clk 0:08:28]} axb5 {[%clk 0:01:34]} 30. Rxb5 {[%clk 0:08:26]} Qa3
{[%clk 0:01:40]} 31. Qb2 {[%clk 0:07:09]} Qa4 {[%clk 0:00:52]} 32. Rxb7
{[%clk 0:07:03]} Qd1+ {[%clk 0:00:28]} 33. Ne1 {[%clk 0:07:12]} Rxg2
{[%clk 0:00:26]} 34. Rxg2 {[%clk 0:07:01]} Qxe1+ {[%clk 0:00:32]} 35. Kh2
{[%clk 0:07:09]} Rc8 {[%clk 0:00:11]} 36. Qb6 {[%clk 0:07:13]} 1-0